Reglament provisional de l'Institut Psicotècnic de la Generalitat de Catalunya
Descripción Física:
11 p. ; 16 cm
MARC
| LEADER | 00000nam a2200000Ia 4500 | ||
|---|---|---|---|
| 001 | 22854 | ||
| 008 | 160829s9999 xx 000 0 cat d | ||
| 080 | |a RF-16-16 | ||
| 245 | |a Reglament provisional de l'Institut Psicotècnic de la Generalitat de Catalunya | ||
| 260 | |a Barcelona : |b l'Institut, [1923] | ||
| 300 | |a 11 p. ; |c 16 cm | ||
| 590 | |a Prové de 3754, exp. 5. | ||
| 590 | |a Hi ha un altre exemplar a la mateixa capsa | ||
| 610 | 2 | 0 | |a Institut Psicotècnic de Barcelona |x Estatuts |9 54583 |
| 710 | 2 | |a Institut Psicotècnic de Barcelona |9 54312 | |
| 856 | 4 | |u https://media.diba.cat/diba/fitxers/arxiu/fulletons/bib_22854_1923_baixa.pdf |y Accés lliure | |
| 856 | 4 | |u https://media.diba.cat/diba/fitxers/arxiu/fulletons/bib_22854_1923_baixa.pdf |y Accés lliure | |
| 901 | |a Arxiu | ||
| 942 | |n 1 |2 udc | ||
| 952 | |0 0 |1 0 |4 0 |6 RF1616 |7 1 |9 54685 |a Arxiu |b Arxiu |d 2016-12-01 |l 0 |o RF-16-16 |p 22854 |r 2016-12-01 00:00:00 |w 2016-12-01 |y ARXIU | ||
| 999 | |c 58554 |d 58554 | ||
| 900 | |a bib_22854_1923_baixa.pdf | ||